000 00514 a2200169 4500
999 _c5829
_d5829
010 _aENG-87032
020 _a8180545415
_c110.00
035 _aEN-70565
037 _bDBAD / PUB
082 1 4 _a658.4012
100 1 _aGhosh, P. K.
245 1 _aStrategic management /
_cby P. K. Ghosh
260 _aNew Delhi
_bSultan Chand
_c2007
270 _a23, Daryaganj
_bNew Delhi
_e110 002
_k23243183, 23247051
_l011-23266357
300 _avarious paging
_c24 cm (Pbk)
942 _adpl
_cEN
_2ddc
_h658.4012
_mGHO